| 000 | 00395pab a2200157 454500 | ||
|---|---|---|---|
| 008 | 180718b2010 xxu||||| |||| 00| 0 eng d | ||
| 100 | _aBanerjee, Abhijit | ||
| 245 | _aTourism in protected areas: worsening prospects for tigers? | ||
| 260 | _c2010 | ||
| 300 | _ap.27-29. | ||
| 362 | _a6 Mar | ||
| 650 | _aTourism | ||
| 773 | _aEconomic and Political Weekly | ||
| 908 | _aN | ||
| 909 | _a85660 | ||
| 999 |
_c85660 _d85660 |
||